| 000 | 00000nam##2200000za#4500 |
| 001 | 9.569930 |
| 003 | CaOODSP |
| 005 | 20210624182012 |
| 007 | cr ||||||||||| |
| 008 | 150406|1999||||xxc|||||o f|0| 0 eng|d |
| 040 | |aCaOODSP|beng |
| 043 | |an-cn--- |
| 086 | 1 |aNH18-1-2/106-1999E-PDF |
| 110 | 2 |aCanada Mortgage and Housing Corporation. |
| 245 | 10|aAdapting Canadian housing technology to international markets : |h[electronic resource]|bdesign, materials, components and structures |
| 246 | 1 |iVariant title : |aAdapting Canadian housing to export markets - design, technologies, systems and materials, a study for Canada's housing exporters |
| 260 | |aOttawa - Ontario : |bCanada Mortgage and Housing Corporation |cMarch 31, 1999. |
| 300 | |a156p.|bgraphs, tables, photographs |
| 490 | 1 |aResearch report |
| 504 | |aBibliography. |
| 546 | |a(Sommaire en français.) |
| 590 | |a11-25-Supp|b2011-10-31 |
| 830 | #0|aResearch report (Canada Mortgage and Housing Corporation : Online)|w(CaOODSP)9.506068 |
| 856 | 40|ahttp://publications.gc.ca|qPDF|s1.95 MB|uhttps://publications.gc.ca/collections/collection_2011/schl-cmhc/nh18-1-2/NH18-1-2-106-1999-eng.pdf |